[Event "87th Tata Steel Challengers 2025"]
[Site "Wijk aan Zee"]
[Date "2025.01.31"]
[Round "11.7"]
[White "Nogerbek, Kazybek"]
[Black "Gurel, Ediz"]
[Result "1/2-1/2"]
[WhiteElo "2514"]
[BlackElo "2624"]
[Annotator "Stockfish 17 - Chessbase"]
[PlyCount "61"]
[EventDate "2025.??.??"]

{[%evp 14,61,25,15,22,20,15,14,20,12,3,10,14,10,6,7,0,0,1,7,0,0,4,0,0,0,2,1,11,11,9,10,11,8,7,6,7,7,8,8,8,0,0,0,2,2,9,9,9,9]} 1. d4 Nf6 2. c4 e6 3. Nf3 d5 4. Nc3 c5 5. cxd5 cxd4 6. Qxd4 exd5 7. Bg5 Be7 8. e3 O-O {The position is equal.} 9. Be2 Nc6 10. Qd3 h6 11. Bh4 Qb6 12. O-O Rd8 13. Qb5 Qxb5 14. Nxb5 g5 15. Bg3 Ne4 16. Rfd1 Nxg3 17. hxg3 Be6 18. Nfd4 {Threatens to win with Nxe6.} Rac8 19. Rac1 Nxd4 20. Nxd4 Bf6 21. Nxe6 $146 (21. f4 Bxd4 22. exd4 Rxc1 23. Rxc1 Rc8 24. Rxc8+ Bxc8 25. Kf2 f6 26. Ke3 Kf8 27. g4 Ke7 28. f5 Bd7 29. Kd2 Kd6 30. Kc3 Kc7 {½-½ (30) Babula,V (2532)-Kraus,T (2474) Bystrice nad Pernstejnem CZE 2023}) (21. Bd3 Rxc1 22. Rxc1 Rc8 23. Rxc8+ (23. Rd1 Bxd4 24. exd4 Kf8 25. f3 Ke7 26. Kf2 h5 27. Rh1 Rh8 28. Ke3 Kf6 29. g4 h4 30. g3 Re8 31. Kf2 hxg3+ 32. Kxg3 Rg8 33. Rh2 Ke7 34. Rh5 Kf6 35. Rh6+ Kg7 {Radjabov,T (2765)-So,W (2770) chess24.com INT 2020 ½-½ (95)}) 23... Bxc8 24. Kf1 Kf8 25. Ke2 Ke7 26. f4 a6 27. b3 Kd8 28. Nf5 h5 29. Nd4 Kc7 30. Bh7 Bg4+ 31. Kd3 h4 32. fxg5 Bxg5 33. gxh4 Bxh4 34. Bg8 Bh5 35. Bh7 Kb6 {Sroczynski,M (2271)-Volkov,M (2260) chess.com INT 2023 0-1 (65)}) 21... fxe6 22. Bg4 Kf7 23. Rxc8 Rxc8 24. Rxd5 {[%mdl 4096] Endgame. With the idea Rd7+. KRB-KRB} Rc1+ 25. Rd1 Rxd1+ 26. Bxd1 Bxb2 {KB-KB} 27. f4 Kf6 28. Kf2 e5 29. Kf3 exf4 30. gxf4 gxf4 31. exf4 {Not much happened in this game. Weighted Error Value: White=0.01 (flawless) /Black=0.02 (flawless) . OK: 	White=12 	Black=12 Best: 	White=1 	Black=2 Precisão Stockfish 17: Brancas 99% Pretas 100% Precisão Chess.com: Brancas 99.7% Pretas 99.8%} 1/2-1/2